Virtuální realita na písíčkách

Riaditeľ spoločnosti Virtual Reality Systems Milan Hořínek o možnostiach využitia virtuálnej reality prostredníctvom počítača na marketingové účely.

Gespeichert in:
Bibliographische Detailangaben
1. Verfasser: Hořínek, M.
Weitere Verfasser: Jžzová, K.
Format: Buchkapitel
Sprache:Tschechisch
Schlagworte:
Tags: Tag hinzufügen
Keine Tags, Fügen Sie das erste Tag hinzu!

MARC

LEADER 00000naa a2200000 4500
001 r023664
005 20230607095637.4
041 0 |a cze 
044 |a SK 
245 1 0 |a Virtuální realita na písíčkách  |c M. Hořínek, K. Jžzová 
520 |a Riaditeľ spoločnosti Virtual Reality Systems Milan Hořínek o možnostiach využitia virtuálnej reality prostredníctvom počítača na marketingové účely. 
610 2 0 |a Česko 
610 2 0 |a marketing 
610 2 0 |a realita virtuálna 
610 2 0 |a Virtual Reality Systems 
100 1 |a Hořínek, M. 
700 1 |a Jžzová, K.